Normal view MARC view
  • Jena, Battle of, Jena, Germany, 1806

Entry Topical Term

Number of records used in: 2

001 - CONTROL NUMBER

  • control field: 50528

003 - CONTROL NUMBER IDENTIFIER

  • control field: NUST

005 - DATE AND TIME OF LATEST TRANSACTION

  • control field: 20210314134651.0

008 - FIXED-LENGTH DATA ELEMENTS

  • fixed length control field: 210314|| aca||aabn | a|a d

040 ## - CATALOGING SOURCE

  • Original cataloging agency: NUST
  • Transcribing agency: NUST

150 ## - HEADING--TOPICAL TERM

  • Topical term or geographic name entry element: Jena, Battle of, Jena, Germany, 1806

670 ## - SOURCE DATA FOUND

  • Source citation: Work cat.: (NUST): Maude, F. N. 48601, The Jena campaign, 1806 /, 1998.
© 2023 Central Library, National University of Sciences and Technology. All Rights Reserved.